Flags of Countries that Border Hungary – Sudden Death - Statistics

General Stats
  • This quiz has been taken 32 times
  • The average score is 5 of 7
Answers on the Grid
Answers color-coded by a green-red scale on the quiz's grid according to % correct below.
 
Answer Stats
Answer % Correct
83%
80%
77%
73%
73%
63%
63%
No matching quizzes found
Score Distribution
Percent of People with Each Score
Percentile by Number Answered
Your Score History
You have not taken this quiz